New Zealand All Blacks Rugby - Most appearances as a substitute - Statistics

General Stats
  • This quiz has been taken 254 times
    93 since last reset
  • The average score is 13 of 24
Answer Stats
Appearances off Bench Position Player % Correct
55 Hooker Keven Mealamu
91%
51 Halfback TJ Perenara
91%
30 Utility Back Beauden Barrett
89%
20 Lock Scott Barrett
86%
40 Prop Ben Franks
82%
36 Hooker Andrew Hore
74%
26 Hooker Codie Taylor
74%
21 Hooker Dane Coles
74%
24 1st Five Aaron Cruden
70%
20 Loose Forward Sam Cane
61%
22 Halfback Byron Kelleher
59%
46 Halfback Piri Weepu
59%
20 Loose Forward Victor Vito
50%
46 Prop Wyatt Crockett
50%
20 Lock Sam Whitelock
48%
25 Loose Forward Ardie Savea
45%
25 Halfback Tawera Kerr-Barlow
41%
38 Prop Charlie Faumuina
36%
29 Prop John Afoa
36%
22 Loose Forward Martin Holah
30%
20 Midfield Back Anton Lienert-Brown
27%
22 Utility Back Leon MacDonald
27%
20 Hooker Mark Hammett
17%
31 Prop Ofa Tu'ungafasi
17%
No matching quizzes found
Score Distribution
Percent of People with Each Score
Percentile by Number Answered
Your Score History
You have not taken this quiz since the last reset